000 00432cam a2200181 4500
001 D15071
008 090401t1971 xxu||||| |||| 00| 0 eng d
035 _a(Sirsi) u20065
041 _aeng
110 _aRoyal Institution of Chartered Surveyors
_94900
245 _aAnnual report 1970-71
260 _aEdinburgh
_c1971
300 _a49p
350 _a0
520 _aFiled in box 1971/34A
942 _n0
948 _c04/03/1997
999 _c87754
_d87754